Μαθησιακές δυσκολίες - αναπτυξιακές διαταραχές : ο ρόλος του παιδικού σχεδίου και της ψυχοκινητικότητας παιδιών με και χωρίς τυπική ανάπτυξη
Saved in:
| Other Authors: | |
|---|---|
| Format: | Book |
| Language: | Greek |
| Published: |
Αθήνα :
Πεδίο,
2020.
|
| Series: | Επιστημονικές εκδόσεις (Πεδίο (Εταιρεία))
|
| Subjects: | |
| Tags: |
Add Tag
No Tags, Be the first to tag this record!
|
MARC
| LEADER | 00000cam a2200000 a 4500 | ||
|---|---|---|---|
| 001 | 1/124256 | ||
| 008 | 220127s2020####gr | ||| |||| ||gre|| | ||
| 020 | |a 9789606352386 | ||
| 040 | |a GR-MyUa |b gre |c GR-MyUa |e AACR2 | ||
| 041 | 0 | |a gre | |
| 082 | 7 | |a 371.926 |2 (23) | |
| 245 | 0 | 0 | |a Μαθησιακές δυσκολίες - αναπτυξιακές διαταραχές : |b ο ρόλος του παιδικού σχεδίου και της ψυχοκινητικότητας παιδιών με και χωρίς τυπική ανάπτυξη / |c επιστημονική επιμέλεια: Δημήτριος Σαρρής. |
| 260 | |a Αθήνα : |b Πεδίο, |c 2020. | ||
| 300 | |a 238 σ. : |b πίν. ; |c 24 εκ. | ||
| 490 | 1 | |a (Επιστημονικές εκδόσεις / Πεδίο (Εταιρεία)) | |
| 504 | |a Περιλαμβάνει βιβλιογραφικές παραπομπές. | ||
| 650 | 0 | |a Learning disabilities. | |
| 650 | 0 | |a Child development. | |
| 650 | 0 | |a Motor ability in children. | |
| 650 | 0 | |a Attention-deficit hyperactivity disorder. | |
| 650 | 0 | |a Children |x Growth. | |
| 700 | 1 | |a Σαρρής, Δημήτριος Κ. |e edt | |
| 830 | 0 | |a Επιστημονικές εκδόσεις (Πεδίο (Εταιρεία)) | |
| 852 | |a INST |b RHODES |c EUDOXUS |e 20220127 |h 371.926 ΜΑΘ |p 005400042529 |q 005400042529 |t EDX |y 0 | ||
| 852 | |a INST |b RHODES |c EUDOXUS |e 20220127 |h 371.926 ΜΑΘ |p 005400042530 |q 005400042530 |t EDX |y 0 | ||
| 920 | |a Εύδοξος |b Παραγγελία |y Ρόδος-ΤΕΠΑΕΣ |z 2022-01 | ||
| 970 | |z 27-01-2022 | ||